000 00781cab a2200253 4500
001 X77811
008 090401t1997 xxu||||| |||| 00| 0 eng d
035 _a(Sirsi) u77811
041 _aeng
245 _aLandau v Tyne and Wear Development Corporation
260 _c1997
350 _a0
490 _aRating & Valuation Reporter
_v37(3) March 1997, 58-92(35)
650 _aCOMPARABLES
650 _aCONSTRUCTION COSTS
650 _aLANDAU V TYNE AND WEAR DEVELOPMENT CORPORATION
650 _aOFFICE FLOORSPACE
650 _aPLANNING PERMISSION
650 _aRESIDUAL VALUATION
650 _aURBAN DEVELOPMENT AREA
690 _aENVIRONMENTAL AND LAND CONSULTANCY-PLANNING AND DEVELOPMENT-COMPULSORY PURCHASE AND COMPENSATION
942 _n0
948 _c18/04/1997
999 _c48919
_d48919